| 000 | 02471cam a22003978i 4500 | ||
|---|---|---|---|
| 001 | 17809016 | ||
| 003 | OSt | ||
| 005 | 20180116183020.0 | ||
| 008 | 130711s2013 enk b 001 0 eng | ||
| 010 | _a 2013023164 | ||
| 020 | _a9780415706643 (hardback) | ||
| 020 | _a9780415706650 (paperback) | ||
| 020 | _z9780415706650 | ||
| 040 |
_aDLC _beng _cDLC _erda |
||
| 042 | _apcc | ||
| 050 | 0 | 0 |
_aJZ4850 _b.M57 2013 |
| 082 | 0 | 0 |
_a352.11 MIS 2013 _223 |
| 084 |
_aBUS035000 _aBUS074000 _aBUS079000 _2bisacsh |
||
| 100 | 1 |
_aMissoni, Eduardo _c(Professor) |
|
| 245 | 1 | 0 |
_aManagement of international institutions and NGOs : _bframworks, practices and challenges / _cEduardo Missoni, Daniele Alesani. |
| 260 | _c2013 | ||
| 300 | _apages cm | ||
| 440 | _aManagement of international Institutions and NGOs | ||
| 504 | _aIncludes bibliographical references and index. | ||
| 520 | _a"International Institutions (IIs), International NGOs (INGOs) and Transnational Hybrid Organizations (THOs) play a hugely important role in the modern world economy. Despite having been studied by scholars from a range of disciplines, these organizations have never been approached from a management perspective before this book.This ambitious book analyzes the management challenges associated with international cooperation and sheds light on how these organizations have evolved as the political, economic and business environments have changed around them.The authors cover an admirably broad canvas by including topics such as strategic implementation, big data and human resource management. Each chapter benefits from an integrative case study to aid understanding - cases used include The Bill & Melinda Gates Foundation, the Haiti Earthquake and the World Bank.This comprehensive textbook is a must-own resource for students and academics involved with studying and working with international organizations"-- | ||
| 650 | 0 |
_aInternational agencies _xManagement. |
|
| 650 | 0 |
_aNon-governmental organizations _xManagement. |
|
| 650 | 0 | _aInternational cooperation. | |
| 650 | 7 |
_aBUSINESS & ECONOMICS / International / General. _2bisacsh |
|
| 650 | 7 |
_aBUSINESS & ECONOMICS / Nonprofit Organizations & Charities. _2bisacsh |
|
| 650 | 7 |
_aBUSINESS & ECONOMICS / Government & Business. _2bisacsh |
|
| 700 | 1 | _aAlesani, Daniele. | |
| 906 |
_a7 _brip _corignew _d1 _eecip _f20 _gy-gencatlg |
||
| 942 |
_2ddc _cBK |
||
| 999 |
_c350524 _d350524 |
||